<?xml version="1.0" encoding="UTF-8"?>
<collection xmlns="http://www.loc.gov/MARC21/slim">
 <record>
  <leader>01392ngm a22003015g 4500</leader>
  <controlfield tag="001">CEM.cems023748</controlfield>
  <controlfield tag="008">130507s2011##################0###0#####d</controlfield>
  <controlfield tag="005">20250630175526.0</controlfield>
  <datafield tag="245" ind1="1" ind2="0">
   <subfield code="a">Representación /</subfield>
   <subfield code="c">Julia Mengolini.</subfield>
  </datafield>
  <datafield tag="260" ind1=" " ind2=" ">
   <subfield code="a">Argentina,</subfield>
   <subfield code="c">2011</subfield>
  </datafield>
  <datafield tag="300" ind1=" " ind2=" ">
   <subfield code="a">28'.</subfield>
  </datafield>
  <datafield tag="490" ind1="0" ind2=" ">
   <subfield code="a">Consciente colectivo</subfield>
  </datafield>
  <datafield tag="520" ind1=" " ind2=" ">
   <subfield code="a">¿Cuál es la diferencia entre país, patria, estado y nación ? ¿Qué define nuestra identidad? ¿Qué es el contrato social? A través de entrevistas a especialistas y académicos y de breves encuestas callejeras, la periodista Julia Mengolini busca respuestas a estas y otras preguntas para abordar la relación entre los argentinos, su identidad y sus instituciones. ¿El punto de partida? El convencimiento de que nuestra realidad social es una construcción que nosotros mismos hacemos día a día. Y que, así como la hacemos, también podemos modificarla.</subfield>
  </datafield>
  <datafield tag="538" ind1=" " ind2=" ">
   <subfield code="a">Soporte: DVD - Color: Si - Grabación DRD</subfield>
  </datafield>
  <datafield tag="500" ind1=" " ind2=" ">
   <subfield code="a">Consultar en ventanilla.</subfield>
  </datafield>
  <datafield tag="100" ind1="1" ind2=" ">
   <subfield code="a">Mengolini, Julia</subfield>
  </datafield>
  <datafield tag="710" ind1="2" ind2=" ">
   <subfield code="a">Canal Encuentro.</subfield>
  </datafield>
  <datafield tag="082" ind1="3" ind2="0">
   <subfield code="/">MEN-1</subfield>
  </datafield>
  <datafield tag="653" ind1=" " ind2=" ">
   <subfield code="a">SOCIEDAD</subfield>
  </datafield>
  <datafield tag="653" ind1=" " ind2=" ">
   <subfield code="a">INSTRUCCION CIVICA</subfield>
  </datafield>
  <datafield tag="653" ind1=" " ind2=" ">
   <subfield code="a">CIUDADANIA</subfield>
  </datafield>
  <datafield tag="653" ind1=" " ind2=" ">
   <subfield code="a">DERECHO</subfield>
  </datafield>
  <datafield tag="653" ind1=" " ind2=" ">
   <subfield code="a">ESTADO</subfield>
  </datafield>
  <datafield tag="653" ind1=" " ind2=" ">
   <subfield code="a">DEMOCRACIA</subfield>
  </datafield>
  <datafield tag="653" ind1=" " ind2=" ">
   <subfield code="a">POLITICA</subfield>
  </datafield>
  <datafield tag="653" ind1=" " ind2=" ">
   <subfield code="a">INSTITUCIONES</subfield>
  </datafield>
  <datafield tag="653" ind1=" " ind2=" ">
   <subfield code="a">SERIE DE TELEVISIÓN</subfield>
  </datafield>
  <datafield tag="859" ind1=" " ind2=" ">
   <subfield code="a">CEMS</subfield>
   <subfield code="b">BIB. CEMS - Depto. Recursos Didacticos</subfield>
   <subfield code="h">301</subfield>
   <subfield code="i">MEN-1</subfield>
   <subfield code="k">DRD</subfield>
   <subfield code="p">2391.15</subfield>
   <subfield code="t">Ej.1</subfield>
  </datafield>
 </record>
</collection>
